Catálogo público

Practicas de comercialización de la carne de res de importación procedente de Estados Unidos / (Record no. 175357)

MARC details
000 -CABECERA
campo de control de longitud fija 04400nam a2200457Ia 4500
001 - NÚMERO DE CONTROL
campo de control dia_4671
003 - IDENTIFICADOR DEL NÚMERO DE CONTROL
campo de control CHAP
005 - FECHA Y HORA DE LA ÚLTIMA TRANSACCIÓN
campo de control 20241106095139.0
007 - CAMPO FIJO DE DESCRIPCIÓN FÍSICA--INFORMACIÓN GENERAL
campo de control de longitud fija ta
008 - DATOS DE LONGITUD FIJA--INFORMACIÓN GENERAL
campo de control de longitud fija 220117s2010 mx ad fsm 001 0 spa d
010 ## - NÚMERO DE CONTROL DE LA BIBLIOTECA DEL CONGRESO
Número de control de LC 175357
040 ## - FUENTE DE LA CATALOGACIÓN
Centro/agencia transcriptor CHAP
Centro catalogador/agencia de origen mxchpua
Normas de descripción rda
041 0# - CÓDIGO DE LENGUA
Código de lengua del texto/banda sonora o título independiente spa
Código de lengua del sumario o resumen eng
090 ## - LOCALMENTE ASIGNADO TIPO-LC NÚMERO DE CLASIFICACIÓN (OCLC); NÚMERO DE CLASIFICACIÓN LOCAL (RLIN)
Número de clasificación (OCLC) (R) ; Numero de clasificación, CALL (RLIN) (NR) Tesis
Número cutter local (OCLC) ; Número de libro/Signatura topográfica íntegra, CALL (RLIN) Z37
año 2010
100 1# - ENTRADA PRINCIPAL--NOMBRE DE PERSONA
Nombre de persona Zaragoza Torres, Nora
240 10 - TÍTULO UNIFORME
Título uniforme Marketing practices of beef imports from United States.
Lenguaje de la obra Español
245 10 - MENCIÓN DE TÍTULO
Título Practicas de comercialización de la carne de res de importación procedente de Estados Unidos /
Mención de responsabilidad, etc. Nora Zaragoza Torres
264 ## - PRODUCCIÓN, PUBLICACIÓN, DISTRIBUCIÓN, FABRICACIÓN Y COPYRIGHT
Producción, publicación, distribución, fabricación y copyright Chapingo, México :
Nombre del de productor, editor, distribuidor, fabricante El autor,
Fecha de producción, publicación, distribución, fabricación o copyright 2010
300 ## - DESCRIPCIÓN FÍSICA
Extensión 1 recurso en línea (xii, 78 hojas) :
Otras características físicas ilustraciones, gráficas, tablas +
Material acompañante/anejo 1 CD-ROM
336 ## - TIPO DE CONTENIDO
Fuente rdacontent
Término de tipo de contenido texto
Código de tipo de contenido txt
337 ## - TIPO DE MEDIO
Fuente rdamedia
Nombre/término del tipo de medio no mediado
Código del tipo de medio n
338 ## - TIPO DE SOPORTE
Fuente rdacarrier
Nombre/término del tipo de soporte volumen
Código del tipo de soporte nc
500 ## - NOTA GENERAL
Nota general El CD contiene el reporte
502 ## - NOTA DE TESIS
Nota de tesis Tesis
Tipo de título (Ingeniero Agroindustrial) --
Nombre de la institución que otorga el título UACh. Departamento de Ingenieria Agroindustrial,
Año de obtención del título 2010
504 ## - NOTA DE BIBLIOGRAFÍA, ETC.
Nota de bibliografía, etc. Bibliografía: hojas 61-66
520 3# - SUMARIO, ETC.
Sumario, etc. Se realizaron encuestas en las cadenas de supermercados al menudeo (cadena) ubicados en diferentes ciudades del país (Distrito Federal, Guadalajara, Querétaro, León y Monterrey) durante enero y abril de 2008 (N = 1004 casos de venta al consumidor); se determinaron los cortes predominantes de carne bovina de Estados Unidos comercializados en nuestro país, se identificaron los estilos de fabricación (presentaciones) y el recorte. Las fuentes de variación fueron región (Central, Centro-Occidente y Norte); ciudad anidada dentro de región, cadena comercial (n = 8), y estrato socioeconómico (clase) de la clientela específica (alto, medio, bajo). El contenido de grasa intramuscular (marmoleo) se consideró como variable dependiente. Las ciudades del Centro del país tuvieron el promedio más alto de marmoleo; la cadena comercial Superama registró el promedio más bajo. A nivel nacional, las cinco presentaciones más comunes representaron el 82.1% del total de las frecuencias en ventas de carne de Estados Unidos, estas presentaciones fueron: (1) milanesa, (2) bistec/carne para asar, (3) carne picada o trozos, (4) fajita estilo tiras, y (5) carne estilo tampiqueña. Casi todos (99.2%) los cortes de carne estadounidense proceden de canales bovinas con grado de calidad Select (74.6%) y Choice (24.6%) y con bajos niveles de marmoleo (trazas, ligera y pocas cantidades). --
520 3# - SUMARIO, ETC.
Sumario, etc. Surveys were conducted in the retail supermarket chains (chain) located in different cities (Mexico City, Guadalajara, Queretaro, Leon and Monterrey) during January-April 2008 (N = 1004 retail display cases). In order to determine the predominant cuts of beef from the United States and marketed in Mexico were identified manufacturing styles (lectures), and presentation and trim. The sources of variation were region (Central, Midwestern, Northern), city nested within region, chain company (n = 8), and socio-economic status (class) of the targeted clientele (high, middle, low). Level of intramuscular fat (MARBLING) was considered as dependent variable. Cities of the Central Mexico region showed the highest average marbling. Retail chain Superama recorded the lowest average. Nationwide, the five most common presentations accounted for 82.1% of total beef sales frequencies in the United States. These presentations were: (1) milanesa (2) steak for grill, (3) trozos or pieces, (4) fajita-style strips, and (5) tampiqueña –style steak. Most U.S. beef cuts (99.2%) were derived from Select (74.6%) and Choice (24.6%). USDA Quality Grades carcasses and the most of the cuts were characterized as having low MARBLING levels (trace, slight and small amount).
650 13 - PUNTO DE ACCESO ADICIONAL DE MATERIA--TÉRMINO DE MATERIA
Término de materia o nombre geográfico como elemento de entrada Carne de vaca
Subdivisión general Comercio internacional
Fuente del encabezamiento o término atg
650 13 - PUNTO DE ACCESO ADICIONAL DE MATERIA--TÉRMINO DE MATERIA
Término de materia o nombre geográfico como elemento de entrada Carne de vaca
Subdivisión general Importaciones
Subdivisión geográfica Estados Unidos de América
650 13 - PUNTO DE ACCESO ADICIONAL DE MATERIA--TÉRMINO DE MATERIA
Término de materia o nombre geográfico como elemento de entrada Beef
Subdivisión general International trade
Fuente del encabezamiento o término atg
650 13 - PUNTO DE ACCESO ADICIONAL DE MATERIA--TÉRMINO DE MATERIA
Término de materia o nombre geográfico como elemento de entrada Beef
Subdivisión general Imports
Subdivisión geográfica United States of America
700 1# - PUNTO DE ACCESO ADICIONAL--NOMBRE DE PERSONA
Nombre de persona Maldonado Simán, Ema de Jesús
Término indicativo de función/relación directora
700 1# - PUNTO DE ACCESO ADICIONAL--NOMBRE DE PERSONA
Nombre de persona Ruiz Flores, Agustín
Término indicativo de función/relación asesor
700 1# - PUNTO DE ACCESO ADICIONAL--NOMBRE DE PERSONA
Nombre de persona Ponce Hernández, Pedro
Término indicativo de función/relación asesor
856 41 - LOCALIZACIÓN Y ACCESO ELECTRÓNICOS
Identificador Uniforme del Recurso <a href="http://10.13.5.2/tesis/111159.pdf">http://10.13.5.2/tesis/111159.pdf</a>
Texto de enlace DESCARGAR PDF
901 ## - ELEMENTOS DE DATOS A LOCAL LDA (RLIN)
a Tesis Z37 2010
942 ## - ELEMENTOS DE PUNTO DE ACCESO ADICIONAL (KOHA)
Tipo de ítem Koha TESIS
Fuente del sistema de clasificación o colocación Clasificación Universidad Autónoma Chapingo
902 ## - ELEMENTOS DE DATOS B LOCAL, LDB (RLIN)
a M
905 ## - ELEMENTOS DE DATOS E LOCAL, LDE (RLIN)
a 0000002010 MX A M 0000000000SPA00
Holdings
Estado de retiro Estado de pérdida Fuente del sistema de clasificación o colocación Estado dañado Restricciones de uso No para préstamo Código de colección Localización permanente Ubicación/localización actual Fecha de adquisición Fuente de adquisición Total de préstamos Signatura topográfica completa Código de barras Fecha visto por última vez Fecha del último préstamo Número de copia Precio válido a partir de Tipo de ítem Koha Ubicación en estantería
    Clasificación Universidad Autónoma de Chapingo   Préstamo 5 días   Tesis Ingenieria Agroindustrial Ingenieria Agroindustrial 18/01/2022 El autor 1 Tesis Z37 2010 1101001135 12/11/2024 12/11/2024 Ej. 2 18/01/2022 CD  
    Clasificación Universidad Autónoma de Chapingo   Préstamo interno   Tesis Ingenieria Agroindustrial Ingenieria Agroindustrial 18/01/2022 El autor   Tesis Z37 2010 1101001134 18/01/2022   Ej. 1 18/01/2022 CD  
    Clasificación Universidad Autónoma de Chapingo       Tesis digitales de Licenciatura Ingenieria Agroindustrial Ingenieria Agroindustrial 06/11/2024 El autor     1201001134 06/11/2024     06/11/2024 Tesis digital En línea